[Event "Êîìàíäíîå ïåð-âî ÐÔ 2012 ã. ïî êëàññè÷åñêèì øàõìàòàì "]
[Site "Ðûáèíñê"]
[Date "2012.08.10"]
[Round "9.191"]
[White "Ïåòðîâ Àíòîí"]
[Black "Êðîëü Äìèòðèé"]
[Result "1-0"]
[WhiteElo "1627"]
[BlackElo "1790"]
[Annotator ""]
[Source ""]
[Remark ""]

1.e4 e6 2.d4 d5 3.exd5 exd5 4.Bd3 Nf6 5.Nf3 Bg4 6.O-O Be7 7.Bf4
O-O 8.c3 Nbd7 9.Nbd2 c5 10.Be2 c4 11.Ne5 Nxe5 12.Bxe5 Bxe2 13.Qxe2
Re8 14.f4 Nd7 15.f5 Bd6 16.Qd1 Nxe5 17.dxe5 Bxe5 18.Kh1 Qb6 19.Rb1
Rac8 20.Nf3 Bf6 21.Qxd5 Rc5 22.Qd7 Rd8 23.Rfe1 Kf8 24.Qa4 Qc7
25.Rbd1 Rxd1 26.Qe8# 1-0